"Administrative Divisions" of Taiwan - Statistics

General Stats
  • This quiz has been taken 27 times
    25 since last reset
  • The average score is 6 of 8
Answer Stats
Division Answer % Correct
Municipality Taipei
100%
Municipality Kaohsiung
76%
Municipality New Taipei
71%
Municipality Taichung
71%
Municipality Tainan
71%
Province Taiwan
59%
Municipality Taoyuan
59%
Province Fujian
53%
No matching quizzes found
Score Distribution
Percent of People with Each Score
Percentile by Number Answered
Your Score History
You have not taken this quiz since the last reset